000 00281nam a22001337a 4500
008 170424b xxu||||| |||| 00| 0 eng d
020 _a9780470401415
041 _aeng
080 _a54
100 _a12
101 _ashm
245 _aCHEMISTRY 12
_cKESSEL.H.
942 _2udc
_cBK
999 _c11701
_d11701